The self-organizing school : next generation comprehensive school reforms (Record no. 12839)

000 -LEADER
fixed length control field 00367nam a22001337a 4500
020 ## - INTERNATIONAL STANDARD BOOK NUMBER
International Standard Book Number 9781578866021
082 ## - DEWEY DECIMAL CLASSIFICATION NUMBER
Classification number 371.2 BAI
100 ## - MAIN ENTRY--PERSONAL NAME
Personal name Bain, Alan
245 ## - TITLE STATEMENT
Title The self-organizing school : next generation comprehensive school reforms
260 ## - PUBLICATION, DISTRIBUTION, ETC.
Place of publication, distribution, etc. UK
Name of publisher, distributor, etc. R&L Education
Date of publication, distribution, etc. 2007
300 ## - PHYSICAL DESCRIPTION
Extent viii, 280 p. :
Accompanying material 20 cm
650 ## - SUBJECT ADDED ENTRY--TOPICAL TERM
Topical term or geographic name entry element School improvement programs
942 ## - ADDED ENTRY ELEMENTS (KOHA)
Koha item type Book
Holdings
Withdrawn status Lost status Damaged status Not for loan Collection code Permanent Location Current Location Shelving location Date acquired Source of acquisition Cost, normal purchase price Total Checkouts Full call number Barcode Date last seen Price effective from Koha item type
          Central Library (CL) Central Library (CL) General Stacks 04/28/2014 Grace Books 2274.83   371.2 BAI SEECS013200 04/28/2014 04/28/2014 Book
© 2023 Central Library, National University of Sciences and Technology. All Rights Reserved.